History Quiz

Random History or Art Quiz

Figures of Art and Literature 1500-1950 Quiz Stats

 Plays Quiz not verified by Sporcle

Support Sporcle.
Go Orange.
Score 0/197 Timer 20:00
0 Plays Today
Hint Answer % Correct
16th C.Shakespeare
97.2%
17th C.Rembrandt
91.7%
18th C.Austen
91.7%
16th C.Marlowe
88.9%
19th C.Beethoven
88.9%
17th C.Vermeer
86.1%
19th C.Mozart
86.1%
19th C.Verdi
86.1%
18th C.Smith
84.6%
17th C.Milton
83.3%
17th C.Locke
83.3%
18th C.Rousseau
83.3%
19th C.Shelley
83.3%
19th C.Rousseau
83.3%
17th C.Newton
80.6%
17th C.Rubens
80.6%
17th C.Vivaldi
80.6%
18th C.Voltaire
80.6%
18th C.Goethe
80.6%
19th C.Bach
80.6%
19th C.Keats
80.6%
19th C.Goya
80.6%
19th C.Dostoevsky
80.6%
19th C.Tolstoy
80.6%
19th C.Manet
80.6%
19th C.Van Gogh
80.6%
19th C.Picasso
80.6%
17th C.Velazquez
77.8%
19th C.Wordsworth
77.8%
19th C.Dickens
77.8%
19th C.Monet
77.8%
20th C.Munch
77.8%
17th C.Hobbes
75%
18th C.Schiller
75%
19th C.Byron
75%
19th C.Wagner
75%
19th C.Chopin
75%
19th C.Hugo
75%
20th C.Dali
75%
19th C.Mary Shelley
72.7%
17th C.Donne
72.2%
17th C.Handel
72.2%
18th C.Swift
72.2%
18th C.Diderot
72.2%
19th C.Pushkin
72.2%
19th C.Liszt
72.2%
19th C.Tchaikovsky
72.2%
20th C.Johns
72.2%
17th C.Bunyan
69.4%
18th C.Defoe
69.4%
18th C.Johnson
69.4%
19th C.Whitman
69.4%
20th C.Warhol
69.4%
16th C.Spenser
66.7%
17th C.Caravaggio
66.7%
18th C.Fielding
66.7%
18th C.De Sade
66.7%
19th C.Burns
66.7%
19th C.Zola
66.7%
19th C.Rimbaud
66.7%
20th C.Kandinsky
66.7%
20th C.Keynes
65.4%
17th C.Poussin
63.9%
17th C.Monteverdi
63.9%
18th C.Pope
63.9%
18th C.Sterne
63.9%
Hint Answer % Correct
18th C.Montesquieu
63.9%
18th C.Wren
63.9%
19th C.Stendhal
63.9%
19th C.Balzac
63.9%
19th C.Flaubert
63.9%
19th C.Maupassant
63.9%
19th C.Delacroix
63.9%
19th C.Schubert
63.9%
19th C.Dumas
63.9%
19th C.Thackeray
63.9%
19th C.Thoreau
63.9%
19th C.Twain
63.9%
19th C.Verne
63.9%
19th C.Degas
63.9%
16th C.Palestrina
61.1%
17th C.Dryden
61.1%
19th C.Haydn
61.1%
19th C.Blake
61.1%
19th C.Coleridge
61.1%
19th C.Heine
61.1%
19th C.Turner
61.1%
19th C.Lermontov
61.1%
19th C.Darwin
61.1%
19th C.Eliot
61.1%
19th C.Wilde
61.1%
19th C.Dickinson
61.1%
19th C.Rodin
61.1%
20th C.Yeats
61.1%
20th C.Beckett
61.1%
20th C.Beckett
61.1%
20th C.Brecht
61.1%
20th C.Ibsen
61.1%
18th C.Paine
59.1%
19th C.Novalis
58.3%
19th C.Dvorak
58.3%
19th C.Stoker
58.3%
19th C.Verlaine
58.3%
20th C.Pound
58.3%
20th C.cummings
58.3%
20th C.Miro
58.3%
16th C.Ben Jonson
55.6%
18th C.Burke
55.6%
18th C.Louis David
55.6%
19th C.Irving
55.6%
19th C.Brahms
55.6%
19th C.Goncharov
55.6%
19th C.Turgenev
55.6%
19th C.Hawthorne
55.6%
19th C.Emerson
55.6%
19th C.Baudelaire
55.6%
20th C.Duchamp
55.6%
20th C.Stevens
55.6%
20th C.Strindberg
55.6%
20th C.Gorky
55.6%
20th C.Prokofiev
55.6%
19th C.Bentham
54.5%
19th C.Wollstonecraft
54.5%
19th C.JS Mill
53.8%
19th C.Allan Poe
52.8%
19th C.Gautier
52.8%
19th C.Lautreamont
52.8%
19th C.Charlotte Bronte
52.8%
19th C.Emily Bronte
52.8%
19th C.Melville
52.8%
19th C.Renoir
52.8%
19th C.Lautrec
52.8%
Hint Answer % Correct
20th C.Chagall
52.8%
20th C.Shostakovich
52.8%
20th C.Pollock
52.8%
20th C.Lichtenstein
52.8%
19th C.Fenimore Cooper
50%
19th C.David Friedrich
50%
19th C.Stevenson
50%
19th C.Conan Doyle
50%
19th C.Wadsworth Longfellow
50%
19th C.Seurat
50%
20th C.Rilke
50%
20th C.Pinter
50%
20th C.Chekhov
50%
20th C.Pasternak
50%
20th C.Solzhenitsyn
50%
19th C.Malthus
50%
20th C.Hayek
50%
19th C.Holderlin
47.2%
19th C.Hardy
47.2%
19th C.Tennyson
47.2%
19th C.Mallarme
47.2%
19th C.Cezanne
47.2%
19th C.Matisse
47.2%
20th C.TS Eliot
47.2%
20th C.Auden
47.2%
18th C.Mandeville
46.2%
19th C.Trollope
44.4%
19th C.Carroll
44.4%
19th C.Manley Hopkins
44.4%
19th C.Gauguin
44.4%
20th C.Kirchner
44.4%
20th C.Stoppard
44.4%
20th C.Bulgakov
44.4%
20th C.Magritte
44.4%
20th C.Rauschenberg
44.4%
19th C.Ricardo
42.3%
19th C.Wells
41.7%
19th C.Bernard Shaw
41.7%
19th C.Henry James
41.7%
20th C.Thomas
41.7%
20th C.Artaud
41.7%
20th C.France
41.7%
20th C.Breton
41.7%
20th C.Ernst
41.7%
20th C.Debussy
41.7%
19th C.Kipling
38.9%
20th C.Carlos Williams
38.9%
20th C.Grossman
38.9%
20th C.Schoenberg
38.9%
20th C.Cage
38.9%
20th C.De Kooning
38.9%
20th C.Hockney
38.9%
19th C.Herbert Spencer
36.4%
19th C.Huysmans
36.1%
19th C.Walter Scott
33.3%
19th C.Browning
33.3%
20th C.Apollinaire
33.3%
20th C.Stravinsky
33.3%
18th C.Owen
31.8%
20th C.Perec
27.8%
20th C.Rothko
27.8%
19th C.James Mill
27.3%
20th C.Gide
25%
20th C.Bartok
25%
19th C.Godwin
4.5%

You're not logged in!

Compare scores with friends on all Sporcle quizzes.
OR
Log In
Forgot?

From the Vault

TV Professions

by SporcleAdmin

Only in TV-Land would you have people who make $100k an episode act like they make $40k a year.
Remove Ads.
Support Sporcle.
Get the best of Sporcle when you Go Orange. This ad-free experience offers more features, more stats, and more fun while also helping to support Sporcle. Thank you for becoming a member.

Show Comments

Extras

Created Feb 24, 2020ReportNominate
Tags:Art Quiz

Top Quizzes Today


Score Distribution

Your Account Isn't Verified!

In order to create a playlist on Sporcle, you need to verify the email address you used during registration. Go to your Sporcle Settings to finish the process.

Report this User

Report this user for behavior that violates our Community Guidelines.

Details: